000 00407 a2200133 4500
000 nam a22 7a 4500
100 _aसिंह
110 _aसिंह
245 _aरैदास ग्रंथावली
250 _aLatest edition
260 _bअकेडमिक पब्लिकेशन
_c2025
264 _bअकेडमिक पब्लिकेशन
_c2025
942 _cBK
999 _c396653
_d396653